00478nam a2200133Ia 45000010005000000080041000050820036000461000109000822450079001912600024002705900007002949010028003019990015003292006241024s9999 xx 000 0 und d aRD/378.7293/R426p/2008-2018/v.4 aRepública Dominicana. Secretaría de Estado de Educación Superior, Ciencia y Tecnología (SEESCYT) 0aPlan Decenal de Educación Superior 2008-2018. Área Cobertura y Equidad bSanto Domingoc2008 asi a7/11/2011 10:59:05 a.m. c8359d8359